ا بو ا لکلا م آ ز ا د (Record no. 171908)

MARC details
000 -LEADER
fixed length control field 00609nam a22001937a 4500
005 - DATE AND TIME OF LATEST TRANSACTION
control field 20200123114621.0
010 ## - LCCN (DPL NO)
LC control number A-374641
020 ## - INTERNATIONAL STANDARD BOOK NUMBER
Terms of availability 6.00
International Standard Book Number -
035 ## - SYSTEM CONTROL NUMBER
System control number A-374641
037 ## - SOURCE OF ACQUISITION
Source of stock number/acquisition BPPD/Pub.
Stock number -
082 ## - DEWEY DECIMAL CLASSIFICATION NUMBER
Classification number 921
100 ## - MAIN ENTRY--PERSONAL NAME
Personal name د ھلی ا يو ا ن ا ر د و
245 ## - TITLE STATEMENT
Title ا بو ا لکلا م آ ز ا د
Statement of responsibility, etc د ھلی ا يو ا ن ا ر د و
246 ## - VARYING FORM OF TITLE
Remainder of title Abulkalam Azad (Urdu)
Title proper/short title by Delhi Avan-e-Urdu
260 ## - PUBLICATION, DISTRIBUTION, ETC. (IMPRINT)
Place of publication, distribution, etc Delhi
Name of publisher, distributor, etc Maktaba Jamia Ltd.
Date of publication, distribution, etc 1988 ء
270 ## - ADDRESS
Address Urdu Bazar
City Delhi
Postal code 6
Telephone number -
Fax number -
300 ## - PHYSICAL DESCRIPTION
Extent 290 ص
Dimensions 22 Cm(Hb)
942 ## - ADDED ENTRY ELEMENTS (KOHA)
Source of classification or shelving scheme Dewey Decimal Classification
Item type Urdu Bks
Classification part 921
Call number suffix ا ب و
Holdings
Withdrawn status Lost status Not for loan Collection code Home library Current library Date acquired Source of acquisition Cost, normal purchase price Full call number Barcode Copy number Cost, replacement price Koha item type
      Non-fiction Central Library Central Library 23/01/2020 BPPD/Ven. 6.00 921 ا ب و A-374641 1 6.00 Urdu Bks

© Delhi Public Library
Hit Counter
free hit counter